|
|
|
|
| LEADER |
02505nam a22004935i 4500 |
| 001 |
978-3-642-27284-4 |
| 003 |
DE-He213 |
| 005 |
20151116133040.0 |
| 007 |
cr nn 008mamaa |
| 008 |
120109s2012 gw | s |||| 0|eng d |
| 020 |
|
|
|a 9783642272844
|9 978-3-642-27284-4
|
| 024 |
7 |
|
|a 10.1007/978-3-642-27284-4
|2 doi
|
| 040 |
|
|
|d GrThAP
|
| 050 |
|
4 |
|a QD450-882
|
| 072 |
|
7 |
|a PNR
|2 bicssc
|
| 072 |
|
7 |
|a SCI013050
|2 bisacsh
|
| 082 |
0 |
4 |
|a 541
|2 23
|
| 245 |
1 |
0 |
|a Unimolecular and Supramolecular Electronics I
|h [electronic resource] :
|b Chemistry and Physics Meet at Metal-Molecule Interfaces /
|c edited by Robert M. Metzger.
|
| 264 |
|
1 |
|a Berlin, Heidelberg :
|b Springer Berlin Heidelberg :
|b Imprint: Springer,
|c 2012.
|
| 300 |
|
|
|a XII, 308 p.
|b online resource.
|
| 336 |
|
|
|a text
|b txt
|2 rdacontent
|
| 337 |
|
|
|a computer
|b c
|2 rdamedia
|
| 338 |
|
|
|a online resource
|b cr
|2 rdacarrier
|
| 347 |
|
|
|a text file
|b PDF
|2 rda
|
| 490 |
1 |
|
|a Topics in Current Chemistry,
|x 0340-1022 ;
|v 312
|
| 505 |
0 |
|
|a Charge Transport in Organic Semiconductors, by Heinz Bässler and Anna Köhler -- Frontiers of Organic Conductors and Superconductors, by Gunzi Saito and Yukihiro Yoshida -- Fullerenes, Carbon Nanotubes, and Graphene for Molecular Electronics, by Julio R. Pinzón, Adrián Villalta-Cerdas and Luis Echegoyen -- Current Challenges in Organic Photovoltaic Solar Energy Conversion, by Cody W. Schlenker and Mark E. Thompson -- Molecular Monolayers as Semiconducting Channels in Field Effect Transistors, by Cherie R. Kagan -- Issues and Challenges in Vapor-Deposited Top Metal Contacts for Molecule-Based Electronic Devices, by Masato M. Maitani and David L. Allara -- Spin Polarized Electron Tunneling and Magnetoresistance in Molecular Junctions, by Greg Szulczewski.
|
| 520 |
|
|
|a Table of Contents.
|
| 650 |
|
0 |
|a Chemistry.
|
| 650 |
|
0 |
|a Physical chemistry.
|
| 650 |
|
0 |
|a Physics.
|
| 650 |
|
0 |
|a Optical materials.
|
| 650 |
|
0 |
|a Electronic materials.
|
| 650 |
1 |
4 |
|a Chemistry.
|
| 650 |
2 |
4 |
|a Physical Chemistry.
|
| 650 |
2 |
4 |
|a Applied and Technical Physics.
|
| 650 |
2 |
4 |
|a Optical and Electronic Materials.
|
| 700 |
1 |
|
|a Metzger, Robert M.
|e editor.
|
| 710 |
2 |
|
|a SpringerLink (Online service)
|
| 773 |
0 |
|
|t Springer eBooks
|
| 776 |
0 |
8 |
|i Printed edition:
|z 9783642272837
|
| 830 |
|
0 |
|a Topics in Current Chemistry,
|x 0340-1022 ;
|v 312
|
| 856 |
4 |
0 |
|u http://dx.doi.org/10.1007/978-3-642-27284-4
|z Full Text via HEAL-Link
|
| 912 |
|
|
|a ZDB-2-CMS
|
| 950 |
|
|
|a Chemistry and Materials Science (Springer-11644)
|